CINEFORUM. APRILE 1995. RIVISTA DI CULTURA CINEMATOGRAFICA. (Record n. 327472)
[ formato base ]
| 000 -LEADER | |
|---|---|
| fixed length control field | 01647nas a2200277Ia 4500 |
| 001 - CONTROL NUMBER | |
| control field | R790-R8879 |
| 003 - CONTROL NUMBER IDENTIFIER | |
| control field | IT-CnALBA |
| 008 - FIXED-LENGTH DATA ELEMENTS--GENERAL INFORMATION | |
| fixed length control field | 170116c99999999xx |||||||||||| ||und|| |
| 040 ## - CATALOGING SOURCE | |
| Original cataloging agency | IT-CnALBA |
| Transcribing agency | IT-CnALBA |
| 041 ## - LANGUAGE CODE | |
| Language code of text/sound track or separate title | ITALIANO |
| 999 ## - SYSTEM CONTROL NUMBERS (KOHA) | |
| Koha Dewey Subclass [OBSOLETE] | NO |
| 100 ## - MAIN ENTRY--PERSONAL NAME | |
| Personal name | COMUZIO ERMANNO |
| 210 ## - ABBREVIATED TITLE | |
| Abbreviated title | CINEFORUM |
| 222 ## - KEY TITLE | |
| Key title | CINEFORUM |
| 245 #0 - TITLE STATEMENT | |
| Title | CINEFORUM. APRILE 1995. RIVISTA DI CULTURA CINEMATOGRAFICA. |
| 250 ## - EDITION STATEMENT | |
| Edition statement | 1a ed. |
| 260 ## - PUBLICATION, DISTRIBUTION, ETC. (IMPRINT) | |
| Place of publication, distribution, etc. | BERGAMO |
| Name of publisher, distributor, etc. | FEDERAZ. ITAL. CINEFORUN ED. |
| Date of publication, distribution, etc. | 1995 [1° Ed.:1995 - Ed.Ling.Originale: 1995] |
| 300 ## - PHYSICAL DESCRIPTION | |
| Extent | 96 p. |
| 310 ## - CURRENT PUBLICATION FREQUENCY | |
| Current publication frequency | MENSILE |
| 362 ## - DATES OF PUBLICATION AND/OR SEQUENTIAL DESIGNATION | |
| Dates of publication and/or sequential designation | Fascicolo: 343 / Anno: 35 (1995) |
| 500 ## - GENERAL NOTE | |
| General note | I CENTO ANNI DEL CINEMA, LA GOLDEN AGE. MOSTRE E RASSEGNE. LONDRA BERGAMO MILANO. PANORAMICHE SU GIAPPONE NIGERIA SERBIA. LETTERE D'AMORE, SERGEJ EJZENSTEJN. FLASHBACK, IL FUGGIASCO. ALTMAN, BESSON, BENTON, LINK LATER, LUCHETTI PLACIDO. DE MARINIS G, LA POLLA F. SEI GRADI DI SEPARAZIONE. SOSTIERE PEREIRA. FILM IN BREVE. SQUARCI DI CINEMA. CHIACCHIARI F. CAUSO M. EMILIANI S. NOVITÀ HOMOVIDEO MESE. |
| 501 ## - WITH NOTE | |
| With note | Società San Paolo EM - Piazza San Paolo, 14 - 12051 ALBA (CN) (non commercial uses only) ® Copyright 2017 |
| 520 ## - SUMMARY, ETC. | |
| Summary, etc. | I CENTO ANNI DEL CINEMA, LA GOLDEN AGE. MOSTRE E RASSEGNE. LONDRA BERGAMO MILANO. PANORAMICHE SU GIAPPONE NIGERIA SERBIA. LETTERE D'AMORE, SERGEJ EJZENSTEJN. FLASHBACK, IL FUGGIASCO. ALTMAN, BESSON, BENTON, LINK LATER, LUCHETTI PLACIDO. DE MARINIS G, LA POLLA F. SEI GRADI DI SEPARAZIONE. SOSTIERE PEREIRA. FILM IN BREVE. SQUARCI DI CINEMA. CHIACCHIARI F. CAUSO M. EMILIANI S. NOVITÀ HOMOVIDEO MESE. |
| 650 ## - SUBJECT ADDED ENTRY--TOPICAL TERM | |
| Topical term or geographic name as entry element | ARTI RICREATIVE E DELLO SPETTACOLO |
| 942 ## - ADDED ENTRY ELEMENTS (KOHA) | |
| Koha item type | RIVISTA |
| 957 ## - | |
| -- | 1 |
| 999 ## - SYSTEM CONTROL NUMBERS (KOHA) | |
| -- | 1 |
| Withdrawn status | Lost status | Damaged status | Not for loan | Home library | Current library | Date acquired | Total Checkouts | Full call number | Date last seen | Price effective from | Koha item type | Public note |
|---|---|---|---|---|---|---|---|---|---|---|---|---|
| Buone Condizioni | Not For Loan | ALBA - Biblioteca | ALBA - Biblioteca | 16/01/2017 | R790-R8879 | 16/01/2017 | 16/01/2017 | RIVISTA | (data import: 16 gennaio 2017) - By Epidotti, Vaglietti. |